Malaysia's social security organisation and Singapore's provident fund : structure, coverage and effectiveness of healthcare schemes /
محفوظ في:
| المؤلف الرئيسي: | |
|---|---|
| التنسيق: | أطروحة كتاب |
| اللغة: | English |
| منشور في: |
2016.
|
| الموضوعات: | |
| الوسوم: |
إضافة وسم
لا توجد وسوم, كن أول من يضع وسما على هذه التسجيلة!
|
| LEADER | 01333cam a2200337 i 4500 | ||
|---|---|---|---|
| 001 | u993612 | ||
| 003 | SIRSI | ||
| 008 | 170718s2016 my a m 0 eng | ||
| 040 | |a UMM |e rda | ||
| 043 | |a a-my--- |a a-si--- | ||
| 090 | |a HD77 |b UM 2016 Sut | ||
| 100 | 0 | |a Sutha Seeri Ram, |e author. | |
| 245 | 1 | 0 | |a Malaysia's social security organisation and Singapore's provident fund : |b structure, coverage and effectiveness of healthcare schemes / |c Sutha Seeri Ram. |
| 264 | 1 | |c 2016. | |
| 264 | 4 | |c 2016. | |
| 300 | |a x, 86 leaves : |b illustrations ; |c 30 cm. | ||
| 336 | |a text |2 rdacontent | ||
| 337 | |a unmediated |2 rdamedia | ||
| 338 | |a volume |2 rdacarrier | ||
| 502 | |b M.Dev.Stud. |c Jabatan Pengajian Pembangunan, Fakulti Ekonomi dan Pentadbiran, Universiti Malaya |d 2016. | ||
| 504 | |a Bibliography: leaves 83-86. | ||
| 650 | 0 | |a Social security |z Malaysia. | |
| 650 | 0 | |a Social security beneficiaries |z Malaysia. | |
| 650 | 0 | |a Social security |z Singapore. | |
| 650 | 0 | |a Social security beneficiaries |z Singapore. | |
| 650 | 0 | |a Medical care |z Malaysia. | |
| 650 | 0 | |a Medical care |z Singapore. | |
| 710 | 2 | |a Universiti Malaya. |b Jabatan Pengajian Pembangunan, |e degree granting institution. | |
| 900 | |a NSR NSM | ||
| 596 | |a 1 | ||
| 999 | |a HD77 UM 2016 SUT |w LC |c 1 |i A516780413 |d 4/8/2017 |f 4/8/2017 |g 1 |l STACKS |m P01UTAMA |r Y |s Y |t TESIS |u 4/8/2017 |1 AHSS | ||
